Eurovision Song Lyrics - Spain - Statistics

General Stats
  • This quiz has been taken 29 times
  • The average score is 139 of 225
Answer Stats
Answer % Correct
a
100%
mí,
88%
mi
88%
Mi
88%
Y
88%
la
83%
luna
83%
me
83%
ea
79%
ea,
79%
Que
79%
niño
75%
niño,
75%
en
71%
Ay,
67%
(Ay,
67%
cuando
67%
noche
67%
mío
58%
mío,
58%
mío)
58%
muera
58%
pa'
58%
tu
58%
chiquito
54%
Chiquito
54%
de
54%
las
54%
te
54%
una
54%
entierren
50%
Nilo,
50%
noches
50%
Tus
50%
vea
50%
ven
50%
Ya
50%
(Ya)
50%
ya
50%
del
46%
menos
42%
mis
42%
vela
42%
Blanca
38%
Lagrimitas
38%
ojos
38%
Paloma)
38%
to'as
38%
To'as
38%
hay
33%
(Vamos
33%
abrigo
29%
pecho
29%
pena
29%
vera
29%
allá,
25%
Abriguito
21%
Duerme
21%
iluminan
21%
soles
21%
(Ole)
13%
amorеs
0%
mеnos
0%
No matching quizzes found
Score Distribution
Percent of People with Each Score
Percentile by Number Answered
Your Score History
You have not taken this quiz